000 00886nac a22002657a 4500
001 BR9300787
003 BR-BrBNA
005 20240105121409.0
008 230509b bl.|||m| |||| 00| 0 por d
040 _aBR-BrBNA
_bpor
_cBiblioteca Nacional de Agricultura
072 _aH60; F01
090 _a0820 BR9300787
100 1 _aTeixeira, D.M.C.
110 1 _aCentro Nacional de Pesquisa de Agricultura Irrigada, Parnaiba, PI (Brasil)
_91744
245 1 _aMatocompeticao na cultura da melancieira irrigada
260 3 _aParnaiba, PI (Brasil):
_c1993.
300 _a4 p.
490 _aPesquisa em Andamento - Centro Nacional de Pesquisa de Agricultura Irrigada (Brazil)
_vno. 22
_xISSN 0103-7366
650 _aMelancia
650 _aErva Daninha
650 _aIrrigacao
650 _aPratica Cultural
909 _a202312
_bLúcia Elande
_c55
_dLúcia Elande
942 _2AGRIS
_n0
_cMS
999 _c285053
_d285053